Gossip Girl Episode Names Quiz Stats

 Plays Quiz not verified by Sporcle

Challenge
Share
Tweet
Embed
Score 0/18 Timer 08:00
1 Play Today
Gossip Girl Episode Original % Correct
The Blair Bitch ProjectThe Blair Witch Project
81.8%
Seventeen CandlesSixteen Candles
78.9%
Hi, SocietyHigh Society
72.4%
Much 'I Do' About NothingMuch Ado About Nothing
69.7%
PilotPilot
68.9%
Roman HolidayRoman Holiday
64.9%
Dare DevilDaredevil
64.1%
The Wild BrunchThe Wild Bunch
63%
Blair Waldorf Must Pie!John Tucker Must Die
59.6%
Gossip Girl Episode Original % Correct
Victor, VictrolaVictor Victoria
55%
Poison IvyPoison Ivy
53%
Bad News BlairThe Bad News Bears
45.1%
All About My BrotherAll About My Mother
41.1%
Desperately Seeking SerenaDesperately Seeking Susan
36.2%
The Thin Line Between Chuck and NateA Thin Line Between Love and Hate
34.7%
School LiesSchool Ties
32.1%
The Handmaiden's TaleThe Handmaid's Tale
29.6%
Women on the VergeWomen on the Verge of a Nervous Breakdown
23%

You're not logged in!

Compare scores with friends on all Sporcle quizzes.
Join for Free
OR
Log In

You Might Also Like...

Show Comments

Extras

Created Jul 25, 2010ReportNominate
Tags:episode, Gossip Girl, Season 1

Top Quizzes Today


Score Distribution

Your Account Isn't Verified!

In order to create a playlist on Sporcle, you need to verify the email address you used during registration. Go to your Sporcle Settings to finish the process.

Report this User

Report this user for behavior that violates our Community Guidelines.

Details: